Online Catalogue and eLibrary

The concept of race in south Asia. (Record no. 189)

MARC details
000 -LEADER
fixed length control field 00415nam a22001577a 4500
005 - DATE AND TIME OF LATEST TRANSACTION
control field 20240122060455.0
008 - FIXED-LENGTH DATA ELEMENTS--GENERAL INFORMATION
fixed length control field 240122b |||||||| |||| 00| 0 eng d
020 ## - INTERNATIONAL STANDARD BOOK NUMBER
ISBN 0195642686
082 ## - DDC Classification
DDC Edition Number 22
Class No. 305.8.
245 ## - TITLE STATEMENT
Title The concept of race in south Asia.
Statement of responsibility, etc. peter robb,
250 ## - EDITION STATEMENT
Edition statement 1st
260 ## - PUBLICATION, DISTRIBUTION, ETC.
Place of publication, distribution, etc. new Delhi.,
Name of publisher, distributor, etc. Oxford university press.,
Date of publication, distribution, etc. 1995.
300 ## - PHYSICAL DESCRIPTION
Extent (e.g. Volumes, Pages etc.) ix, 354 p.,
700 ## - ADDED ENTRY--PERSONAL NAME
Personal name Robb, peter.
Relator term (Role) Editor
942 ## - Koha item type (Biblio)
Koha item type Books in Stacks (Lending)
Holdings
Lost status Damaged status Collection code Home library Current library Date acquired Full call number Accession Number Item type
    Lending WERC Library WERC Library 01/22/2024 305.8. 2529 Books in Stacks (Lending)

© WERC Library